1054 1302 1876 1167 1957 1092 1742 1341 1879 1986 1905 1656 1208 1759 1036 1721 1113 1889 1281 1878 1612 1105 1122 1271 1552 1837 1177 1207 1866 1521 1642 1993 1264 1744 1936 1783 1592 1901 1334 1716 1428 1342 1046 1991 1515 1813 1754 1911 1686 1564 1276 1169 1235 1582 1241 1455 1851 1274 1346 1808 1776 1017 1426 1549 1583 1734 1459 1726 1972 1263 1605 1883 1514 1352 1421 1722 1781 1727 1668 1319 1388 1108 1956 1541 1141 1140 1522 1202 1179 1897 1714 1797 1357 1703 1800 1275 1075 1034 1216 BCNSPRNW ULIB Ver.6.0+V

เปลี่ยนเป็นภาษาไทย

Change to English
 แสดงรายละเอียดบรรณานุกรม
  กลับหน้าหลัก

Brief Record : Get Marc (ISO 2709) : E-mail record : QR code < ปิดหน้าต่าง
LEADER : 00000nam 2200000uu 4500
001    13399112061
003     ULIB
008    110304s2005||||th 000 0 eng d
020    08743493
060  4 QV4^bW198M 2005
100 0  Derek G. Waller
245 00 Medical Pharmacology and therapeutics/^cDerek G. Waller
260    Edinburgh:^bElsevier Saunders,^c2005
300    778 p
650  7 Drug therapy
650  7 Phamacology Clinical
650  7 Pharmaceutical Preparations
945    ^p0^l0^i018290
945    ^p0^l0^i018291
995    ทศพร
999 ^a ใช้งานได้ทุกระบบ
รายการนี้ยังไม่มีแท็ก
คุณยังไม่ได้ล็อกอิน คุณสามารถมีกิจกรรมร่วมกับเว็บไซต์ได้ แต่ต้องล็อกอินก่อน ::
  ล็อกอิน

รายการสื่อสารสนเทศ

ลำดับที่ ประเภท เลขเรียก/บาร์โค้ด สถานที่ สถานะ
1. วิทยาศาสตร์การแพทย์ และสุขภาพ
วิทยาศาสตร์การแพทย์ และสุขภาพ
สถานะ=หนังสือเก่า
QV4 W198M 2005 ฉ.1 
  Barcode: 018290
ห้องสมุดวิทยาเขตสวรรค์ประชารักษ์
►ส่วนจัดเก็บหนังสือเก่า สปร
ถูกยืม กำหนดส่งวันที่ 21 กันยายน 2555
  จอง
2. วิทยาศาสตร์การแพทย์ และสุขภาพ
วิทยาศาสตร์การแพทย์ และสุขภาพ
สถานะ=หนังสือเก่า
QV4 W198M 2005 ฉ.2 
  Barcode: 018291
ห้องสมุดวิทยาเขตสวรรค์ประชารักษ์
►ส่วนจัดเก็บหนังสือเก่า สปร
ถูกยืม กำหนดส่งวันที่ 21 กันยายน 2555
  จอง

รายการใกล้เคียง
    หัวเรื่อง [Drug therapy]
    หัวเรื่อง [Pharmaceutical Preparations]

BibComment


ยังไม่เคยถูกคอมเมนท์

คอมเมนท์ทรัพยากรรายการนี้
  คอมเมนท์: Medical Pharmacol..


 Copyright 2026. Bcnsprnw @Library